| 000 | 00534nam a22001937a 4500 | ||
|---|---|---|---|
| 003 | LK-CoDNM | ||
| 005 | 20250130134921.0 | ||
| 008 | 250130b |||||||| |||| 00| 0 eng d | ||
| 040 |
_aLK-CoDNM _dLK-CoDNM _eLK-CoDNM |
||
| 041 | _aeng | ||
| 080 |
_a13 _bT8 |
||
| 100 | _aLaveran,A and Mesnil,F | ||
| 245 | _aTrypanosomes and Trypanosomiases | ||
| 260 |
_aLondon _bBailliere, Tindall and Cox,8,Henrietta street,Covent garden _c1907 |
||
| 300 | _axix, 538p. : ill ; 25 cm | ||
| 650 | _aAnimals | ||
| 650 | _aInsects | ||
| 942 | _cBK | ||
| 999 |
_c237704 _d237704 |
||